| 000 | 00630nam a2200229Ia 4500 | ||
|---|---|---|---|
| 001 | 18260 | ||
| 003 | GE_BSU | ||
| 008 | 181216s||||||||xx |||||||||||||| ||und|| | ||
| 020 | _a9780300151480 | ||
| 040 | _cGE_BSU | ||
| 080 | _a32(100) | ||
| 100 | _aCronin, James E. | ||
| 245 | _aGlobal rules : America, Britain and a disordered world | ||
| 260 | _aNew Haven | ||
| 260 | _bYale University Press | ||
| 260 | _c2014 | ||
| 300 | _a403 pages ; 25 cm. | ||
| 541 | _h122 Gel. 85 T. | ||
| 653 | _aGlobal rules : America, Britain and a disordered world | ||
| 653 | _aმსოფლიო პოლიტიკა | ||
| 942 | _cBK | ||
| 999 |
_c51291 _d51291 |
||